<?xml version="1.0" encoding="UTF-8"?><?xml-stylesheet type="text/xsl" href="static/style.xsl"?><OAI-PMH xmlns="http://www.openarchives.org/OAI/2.0/" xmlns:xsi="http://www.w3.org/2001/XMLSchema-instance" xsi:schemaLocation="http://www.openarchives.org/OAI/2.0/ http://www.openarchives.org/OAI/2.0/OAI-PMH.xsd"><responseDate>2026-04-30T05:14:44Z</responseDate><request verb="GetRecord" identifier="oai:uvadoc.uva.es:10324/67737" metadataPrefix="marc">https://uvadoc.uva.es/oai/request</request><GetRecord><record><header><identifier>oai:uvadoc.uva.es:10324/67737</identifier><datestamp>2025-01-29T13:31:57Z</datestamp><setSpec>com_10324_1154</setSpec><setSpec>com_10324_931</setSpec><setSpec>com_10324_894</setSpec><setSpec>col_10324_1291</setSpec></header><metadata><record xmlns="http://www.loc.gov/MARC21/slim" xmlns:doc="http://www.lyncode.com/xoai" xmlns:xsi="http://www.w3.org/2001/XMLSchema-instance" xmlns:dcterms="http://purl.org/dc/terms/" xsi:schemaLocation="http://www.loc.gov/MARC21/slim http://www.loc.gov/standards/marcxml/schema/MARC21slim.xsd">
<leader>00925njm 22002777a 4500</leader>
<datafield tag="042" ind1=" " ind2=" ">
<subfield code="a">dc</subfield>
</datafield>
<datafield tag="720" ind1=" " ind2=" ">
<subfield code="a">Filardo Llamas, Laura</subfield>
<subfield code="e">author</subfield>
</datafield>
<datafield tag="260" ind1=" " ind2=" ">
<subfield code="c">2016</subfield>
</datafield>
<datafield tag="520" ind1=" " ind2=" ">
<subfield code="a">This article intends to build bridges between two recent trends within Critical Discourse Studies as exemplified by cognitive linguistics and multimodality. Thus, the postulates of spatial cognition will be followed to do an analysis of the musical re-contextualization (Wodak&amp;Fairclough 2010) of Barack Obama’s New Hampshire 2008 speech (cf. Will.i.am 2008). In Will.i.am’s music video “Yes, we can”, uploaded on YouTube under the username WeCan08, we can listen to a song whose lyrics are made of different extracts from Obama’s speech.This type of communicative strategy results in a multiple re-contextualization of the political speech. The effectiveness of the musical video can be explained by identifying it as a blended mental space (Fauconnier&amp; Turner 2002) incorporating elements of the text-world, the music-world and visual-world.</subfield>
</datafield>
<datafield tag="024" ind2=" " ind1="8">
<subfield code="a">Filardo-Llamas, L.; C. Hart &amp; B. Kaal (eds.) Space, Time and Ideological Discourse. London: Routledge, pp. 58-75</subfield>
</datafield>
<datafield tag="024" ind2=" " ind1="8">
<subfield code="a">https://uvadoc.uva.es/handle/10324/67737</subfield>
</datafield>
<datafield tag="245" ind1="0" ind2="0">
<subfield code="a">Re-contextualizing political discourse: An analysis of shifting spaces in songs used as a political tool</subfield>
</datafield>
</record></metadata></record></GetRecord></OAI-PMH>